00250nam a2200097Ia 4500001000800000005001700008008004100025020001800066245004900084260001900133127593920260417160437.0260417s9999 xx 000 0 und d a9786258094671 0aMasal Krallığı - HezarfencDidem Demirel bKetebe Çocuk